Chambers dictionary of science and technology / (Record no. 2135)

MARC details
000 -LEADER
fixed length control field 00870nac a22002531i 4500
003 - CONTROL NUMBER IDENTIFIER
control field EG-ScBUE
005 - DATE AND TIME OF LATEST TRANSACTION
control field 20241110141958.0
008 - FIXED-LENGTH DATA ELEMENTS--GENERAL INFORMATION
fixed length control field 091014s1999 enk f b 000 0 eng d
020 ## - INTERNATIONAL STANDARD BOOK NUMBER
International Standard Book Number 0550130020
020 ## - INTERNATIONAL STANDARD BOOK NUMBER
International Standard Book Number 9780550130020
040 ## - CATALOGING SOURCE
Original cataloging agency EG-ScBUE
Language of cataloging eng
Description conventions rda
Transcribing agency EG-ScBUE
Modifying agency EG-ScBUE
082 ## - DEWEY DECIMAL CLASSIFICATION NUMBER
Classification number 503
Item number CHA
Edition number 22
245 00 - TITLE STATEMENT
Title Chambers dictionary of science and technology /
Statement of responsibility, etc general editor, professor Peter M. B. Walker.
264 #1 - PUBLICATION, DISTRIBUTION, ETC. (IMPRINT)
Place of publication, distribution, etc London :
Name of publisher, distributor, etc Chambers,
Date of publication, distribution, etc 1999.
300 ## - PHYSICAL DESCRIPTION
Extent xvii, 1325 pages ;
Dimensions 26 cm
336 ## - CONTENT TYPE
Source rdacontent
Content type term text
Content type code txt
337 ## - MEDIA TYPE
Media type term unmediated
Source rdamedia
Media type code n
338 ## - CARRIER TYPE
Carrier type term volume
Carrier type code nc
Source rdacarrier
500 ## - GENERAL NOTE
General note Preious edition:published as Larousse Dictionary of Science and Technology,1995
650 #7 - SUBJECT ADDED ENTRY--TOPICAL TERM
9 (RLIN) 8891
Topical term or geographic name as entry element Science
Form subdivision Dictionaries.
Source of heading or term BUEsh
655 ## - INDEX TERM--GENRE/FORM
Form subdivision Reading book
700 1# - ADDED ENTRY--PERSONAL NAME
Personal name Walker,Peter M. B.,
Relator term editor.
9 (RLIN) 8892
942 ## - ADDED ENTRY ELEMENTS (KOHA)
Koha item type Reference (NB)
Source of classification or shelving scheme Dewey Decimal Classification
Holdings
Withdrawn status Lost status Source of classification or shelving scheme Damaged status Not for loan Collection code Home library Current library Shelving location Date acquired Source of acquisition Total Checkouts Full call number Barcode Date last seen Cost, replacement price Price effective from Koha item type
    Dewey Decimal Classification     Baccah Central Library Central Library Ground Floor 11/10/2010 Purchase   503 CHA 000002123 15/07/2025 176.00 12/02/2007 Reference (NB)